000 00810nam a2200253 i 4500
001 75879
003 ES-MaACL
005 20250804062559.0
007 t|
008 040928s1985 sp ||||1| spa d
020 _a84-206-0110-1
020 _a84-206-0111-X
100 1 _aGraves, Robert.
_959783
245 1 4 _aLos mitos griegos /
_cRobert Graves ; [traductor, Luis Echávarri , revisión de Lucía Graves].
250 _a[1ª ed.].
260 _aMadrid :
_bAlianza,
_c1985.
300 _a2 v. ;
_c18 cm.
490 1 _aEl libro de bolsillo. Humanidades ;
_v1110, 1111
700 1 _aEchávarri, Luis.
_946507
700 1 _aGraves, Lucía.
_959780
830 0 3 _aEl libro de bolsillo.
_pHumanidades
_v1110, 1111
_9178672
852 _aES-MaACL
_jL-9913-4
_bR.111466
999 _c75879
_d75879